000 01351nam0a22003131 4500
001 rc\4014071
005 20250611055334.0
021 _aRU
_b[56-26014]
035 _a(NLR Aleph) 008081620
090 _a9127293
_c9127293
100 _a20130415d1956 |||y0rusy50 ca
101 0 _arus
102 _aRU
105 _ac z |||||
200 1 _aКоллективный огород
_eИз опыта огородной комис. завкома Калуж. машиностроит. завода МПС
_fКалуж. обл. совет профсоюзов
_g[Лит. запись В. Калашникова]
_gКалуж. обл. совет проф. союзов
210 _aКалуга
_cГаз. "Знамя"
_d1956
215 _a8 с.
_cпортр.
_d20
225 1 _aСоветы огороднику
300 _aБез тит. л.
606 _aОгородничество
_yКалужская область
_2psbo
606 _aФабзавместкомы
_xОгородные комиссии
_2psbo
702 1 _aКалашников
_bВ.
_4570
712 0 2 _4570
_aКалужский областной совет профессиональных союзов
_9763225
_3RU\NLR\AUTH\880548858
801 0 _aRU
_bNLR
_gpsbo
801 1 _aRU
_bELAR
_2rusmarc
852 _aNLR
_jС40 Г-4/2344
942 _cBOOK
980 _aNB